000 00455nab a22001457 4500
003 ES-SlBCS
005 20210610011006.0
008 140521s2014 sp ||||| |||| 00| 0 spa d
040 _aES-SlBC
041 _aspa
100 1 _aTorres Queiruga, Andrés
_92747
245 1 3 _aLa ortodoxia hoy: del anathema sit a ¿quién soy para juzgar?
_cAndrés Torres Queiruga
773 0 _gNúm. 355, 2014, págs. 13-32
_tConcilium
_wRev134
_x0210-1041
942 _2lcc
_cAR
999 _c454018
_d454018